Slawischer Kosmopolit, evangelischer Ireniker
| Titel: | Slawischer Kosmopolit, evangelischer Ireniker : der Brüdersenior und reformierte Hofprediger Daniel Emst Jabionski aus der Sicht des lutherischen Theologen Ján Kvačala / Martin Rothkegel |
|---|---|
| Verfasser: | |
| In: |
Zwischen Dorpat, Pressburg und Wien, (2018), Seite 89-97 alle Artikel anzeigen |
| Veröffentlicht: | 2018 |
| Format: | Aufsatz |
| Sprache: | Deutsch |
X
alg: 43955538 001A $03025:04-12-18 001B $01999:04-12-18 $t23:38:42.000 001D $03025:04-12-18 001U $0utf8 001X $00 002@ $0Aou 002C $aText $btxt $2rdacontent 002D $aohne Hilfsmittel zu benutzen $bn $2rdamedia 002E $aBand $bnc $2rdacarrier 003@ $0439555388 007A $0439555388 $aHEB 010@ $ager 010E $erda 011@ $a2018 021A $aSlawischer Kosmopolit, evangelischer Ireniker $dder Brüdersenior und reformierte Hofprediger Daniel Emst Jabionski aus der Sicht des lutherischen Theologen Ján Kvačala $hMartin Rothkegel 028A $BVerfasser $#Rothkegel, Hans Martin $4aut $7133189597 $8Rothkegel, Martin$Z1969- [Tp1] $9188751750 031A $h89-97 $j2018 039B $aEnthalten in $8--Aau--. Zwischen Dorpat, Pressburg und Wien. - Wiesbaden : Harrassowitz Verlag, 2018. - 398 Seiten. - Illustrationen. - ISBN 978-3-447-11044-0 $x201800000000000911 $943324769X 044K $#Kvačala, Jan $#Kvačala, Jan Radomil $#Kvacala, Ján Rodomil $#Kvacsala, Ján Radomil $#Kvacsala, János $#Kvačala, Johannes $#Kvacsala, Johann $#Kvacsala, Johannes $#Kvacala, Jvan $#Kvacala, Ioannes $#Kvačala, J. $#Chranovský, Ivan $#Kvačala, Johann $#Kvačala, Joannes $#Kvačala, Ivan $#Kvacala, Josef $#Kvačala, Ioannes $7117555460 $8Kvačala, Jan$Z1862-1934 [Tp1] $9151324433 044K $RTsevi Hirsh ben Eliyah Libeḳ $RNeumark, Natan ben Löb $RRofe, Ahron ben Mosche $#Jablonski, ... $#Figulus, Daniel Ernst $#Jablonski, Daniel-Ernst $#Jablonski, Daniel Ernestus $#Jablonskj, Daniel Ernst $#Jabłonski, Daniel Ernest $#Jabłoński, Daniel Ernest $#Jablonski, Daniel E. $#Jablonsky, D. E. $#Jablonsky, Daniel Ernst $#Jablonski, Daniel Ernst $7115468277 $8Jablonski, Daniel Ernst$Z1660-1741 [Tp1] $9149669488 044K $REvangelische Kirche $RCalvinismus $#Reformed Church $#Églises réformées $#Iglesia reformada $#Evangelisch-Reformierte Kirche $74048954-1 $8Reformierte Kirche [Ts1] $9085136360 044K $REvangelischer Theologe $RLutherische Theologin $#Theologe Lutherische Kirche $71041366884 $8Lutherischer Theologe [Ts1] $9328049085 044K $RAuswirkung $RFortleben $#Influence (Literary, artistic, etc.) $#Influence littéraire, artistique, etc. $#Fortwirken $#Nachwirkung Rezeption $#Nachleben $#Wirkungsgeschichte $#Aneignung Rezeption $74049716-1 $8Rezeption [Tsz] $9085138584 045F $a200.94307 $eDDC23BSB 045F/01 $a200.9 045F/03 $f09034 045F/03 $f09041 045F/03 $g4307 045F/03 $g4373 045R $aGeschichte 1896-1909 lok: 43955538 78 exp: 43955538 78 1 #EPN 201B/01 $004-12-18 $t08:47:37.000 201C/01 $004-12-18 201U/01 $0utf8 203@/01 $01035752344 208@/01 $a04-12-18 $be 209A/01 $a/ $f000 $x00 209A/01 $ab*p $x01 220C/01 $apgar 244Z/01 $#Böhmische Kronländer $#Länder der Böhmischen Krone $#Sudetenland $#Böhmen $#Mähren $#Mährisch-Schlesien $#Österreichisch-Schlesien $#Tschechische Sozialistische Republik Böhmische Länder $#Tschechei Böhmische Länder $#Země koruny české $74069573-6 $8--Tg1--Böhmische Länder $x01 $9085195553 244Z/01 $#Slowakei $#Slowakei $#Slowakische Republik $#Oberungarn $#Slovensko $#Slovenská Republika $#Slovenská SR $#SSR $#Slovakia $#Slovaquie $#Slovak Republic $#République Slovaque $#Slovenská Socialistická Republika $#Slowakische Sozialistische Republik $#Slovak Socialist Republic $#République Socialiste Slovaque $74055297-4 $8--Tg1--Slowakei $x02 $9085153834 244Z/01 $#Preußen $#Preußen $#Brandenburg-Preußen $#Königreich Preußen $#Preußische Staaten $#Preußischer Staat $#Der @Preußische Staat $#Königlich Preußische Staaten $#Prusy Królewskie $#Königlich Preußen $#Prussia $74047194-9 $8--Tg1--Preußen $x03 $9085131652 247C/01 $82080>Marburg/Lahn, Herder-Institut, Forschungsbibliothek, Bibliographieportal $9336309341
| LEADER | 00000caa a2200000 c 4500 | ||
|---|---|---|---|
| 001 | 439555388 | ||
| 003 | DE-603 | ||
| 005 | 20181204233842.0 | ||
| 007 | tu | ||
| 008 | 181204s2018 xx |||| | u00||u|ger c | ||
| 035 | |a (DE-599)HEB439555388 | ||
| 040 | |a DE-603 |b ger |c DE-603 |d DE-603 |e rda | ||
| 041 | |a ger | ||
| 082 | 0 | 4 | |8 1\u |a 200.94307 |q DE-101 |2 23/BSB |
| 085 | |8 1\u |b 200.9 | ||
| 085 | |8 1\u |z 1 |s 09034 | ||
| 085 | |8 1\u |z 1 |s 09041 | ||
| 085 | |8 1\u |z 2 |s 4307 | ||
| 085 | |8 1\u |z 2 |s 4373 | ||
| 100 | 1 | |a Rothkegel, Martin |d 1969- |e Verfasser |4 aut |0 (DE-603)188751750 |0 (DE-588)133189597 |2 gnd | |
| 245 | 0 | 0 | |a Slawischer Kosmopolit, evangelischer Ireniker |b der Brüdersenior und reformierte Hofprediger Daniel Emst Jabionski aus der Sicht des lutherischen Theologen Ján Kvačala |c Martin Rothkegel |
| 264 | 0 | |c 2018 | |
| 336 | |a Text |b txt |2 rdacontent | ||
| 337 | |a ohne Hilfsmittel zu benutzen |b n |2 rdamedia | ||
| 338 | |a Band |b nc |2 rdacarrier | ||
| 600 | 1 | 7 | |a Kvačala, Jan |d 1862-1934 |0 (DE-588)117555460 |0 (DE-603)151324433 |2 gnd |
| 600 | 1 | 7 | |a Jablonski, Daniel Ernst |d 1660-1741 |0 (DE-588)115468277 |0 (DE-603)149669488 |2 gnd |
| 648 | 7 | |a Geschichte 1896-1909 |2 gnd | |
| 650 | 7 | |a Reformierte Kirche |0 (DE-588)4048954-1 |0 (DE-603)085136360 |2 gnd | |
| 650 | 7 | |a Lutherischer Theologe |0 (DE-588)1041366884 |0 (DE-603)328049085 |2 gnd | |
| 650 | 7 | |a Rezeption |0 (DE-588)4049716-1 |0 (DE-603)085138584 |2 gnd | |
| 773 | 0 | 8 | |i Enthalten in |t Zwischen Dorpat, Pressburg und Wien |d Wiesbaden : Harrassowitz Verlag, 2018 |h 398 Seiten, Illustrationen |z 9783447110440 |z 3447110449 |g (2018), Seite 89-97 |w (DE-603)43324769X |
| 924 | 0 | |9 2080 |a (DE-603)1035752344 |b DE-2080 |c HES |d d |g / | |


